<?xml version="1.0" encoding="UTF-8"?>
<record
    xmlns:xsi="http://www.w3.org/2001/XMLSchema-instance"
    xsi:schemaLocation="http://www.loc.gov/MARC21/slim http://www.loc.gov/standards/marcxml/schema/MARC21slim.xsd"
    xmlns="http://www.loc.gov/MARC21/slim">

  <leader>01088cam a2200277Ia 4500</leader>
  <datafield tag="999" ind1=" " ind2=" ">
    <subfield code="c">9746</subfield>
    <subfield code="d">9746</subfield>
  </datafield>
  <controlfield tag="001">50574665</controlfield>
  <controlfield tag="003">OCoLC</controlfield>
  <controlfield tag="005">20210204115753.0</controlfield>
  <controlfield tag="008">020910r20001987arua     b    001 0 eng d</controlfield>
  <datafield tag="020" ind1=" " ind2=" ">
    <subfield code="a">0890511586 (pbk.)</subfield>
  </datafield>
  <datafield tag="020" ind1=" " ind2=" ">
    <subfield code="a">9780890511589 (pbk.)</subfield>
  </datafield>
  <datafield tag="035" ind1=" " ind2=" ">
    <subfield code="a">(OCoLC)50574665</subfield>
  </datafield>
  <datafield tag="040" ind1=" " ind2=" ">
    <subfield code="a">VLB</subfield>
    <subfield code="b">eng</subfield>
    <subfield code="c">VLB</subfield>
    <subfield code="d">OCLCQ</subfield>
    <subfield code="d">Z@3</subfield>
    <subfield code="d">OCLCQ</subfield>
    <subfield code="d">CPC</subfield>
    <subfield code="d">BDX</subfield>
  </datafield>
  <datafield tag="050" ind1=" " ind2=" ">
    <subfield code="b">H198L</subfield>
  </datafield>
  <datafield tag="090" ind1=" " ind2=" ">
    <subfield code="a">BL263</subfield>
    <subfield code="b">.H35 2000</subfield>
  </datafield>
  <datafield tag="092" ind1=" " ind2=" ">
    <subfield code="a">231.7652</subfield>
    <subfield code="b">H1982</subfield>
  </datafield>
  <datafield tag="100" ind1="1" ind2=" ">
    <subfield code="a">Ham, Ken.</subfield>
  </datafield>
  <datafield tag="245" ind1="1" ind2="4">
    <subfield code="a">The lie :</subfield>
    <subfield code="b">evolution /</subfield>
    <subfield code="c">Kenneth A. Ham.</subfield>
  </datafield>
  <datafield tag="260" ind1=" " ind2=" ">
    <subfield code="a">Green Forest, AR :</subfield>
    <subfield code="b">Master Books,</subfield>
    <subfield code="c">1987</subfield>
    <subfield code="g">[2000 printing]</subfield>
  </datafield>
  <datafield tag="300" ind1=" " ind2=" ">
    <subfield code="a">185 p. :</subfield>
    <subfield code="b">ill. ;</subfield>
    <subfield code="c">22 cm.</subfield>
  </datafield>
  <datafield tag="504" ind1=" " ind2=" ">
    <subfield code="a">Includes bibliographical references and indexes.</subfield>
  </datafield>
  <datafield tag="505" ind1="0" ind2=" ">
    <subfield code="a">Christianity is under attack -- Evolution is religion -- Creation is religion -- Root of the problem -- Crumbling foundations -- Genesis does matter -- Death: curse and a blessing -- Evils of evolution -- Evangelism in a pagan world -- Wake up, shepherds! -- Creation, flood, and coming fire.</subfield>
  </datafield>
  <datafield tag="650" ind1=" " ind2="0">
    <subfield code="a">Evolution and Christianity.</subfield>
  </datafield>
  <datafield tag="650" ind1=" " ind2="0">
    <subfield code="a">Evolution.</subfield>
  </datafield>
  <datafield tag="942" ind1=" " ind2=" ">
    <subfield code="2">ddc</subfield>
    <subfield code="c">BK</subfield>
  </datafield>
  <datafield tag="952" ind1=" " ind2=" ">
    <subfield code="0">0</subfield>
    <subfield code="1">0</subfield>
    <subfield code="2">ddc</subfield>
    <subfield code="4">0</subfield>
    <subfield code="7">0</subfield>
    <subfield code="8">NFIC</subfield>
    <subfield code="a">HMC</subfield>
    <subfield code="b">HMC</subfield>
    <subfield code="c">GEN</subfield>
    <subfield code="d">2021-02-04</subfield>
    <subfield code="l">0</subfield>
    <subfield code="o">575.01 H198L</subfield>
    <subfield code="p">011211</subfield>
    <subfield code="r">2021-02-04 00:00:00</subfield>
    <subfield code="w">2021-02-04</subfield>
    <subfield code="y">BK</subfield>
  </datafield>
</record>
